| 000 | 00419nam a22001217a 4500 | ||
|---|---|---|---|
| 082 | _a220 PRO | ||
| 100 |
_aPC HASSAN NASEER NC AMIN KHALIQ NC MUHAMMAD SALMAN SAEED _971066 |
||
| 245 | _aPR-SOF-1627- DEVELOPMENT OF REFIGERATOR FOR RURAL AREAS USING THERMOELECTRIC DEVICE | ||
| 260 |
_aISLAMABAD _bNUST COLLEGE OF EME _c2017 |
||
| 650 | _aDE-MECH-35 | ||
| 700 |
_aSUPERVISOR LECTURER MUHAMMAD HAIDER _971067 |
||
| 942 | _cCR | ||
| 999 |
_c577789 _d577789 |
||